[Event "Canadian zt (Women)"]
[Site "Toronto"]
[Date "2024.04.01"]
[Round "8"]
[White "Fiset, Anais Chloe"]
[Black "D'Souza, Carina"]
[Result "0-1"]
[WhiteElo "1754"]
[BlackElo "1811"]
[PlyCount "100"]
[EventDate "2024.03.28"]
[EventType "team-swiss"]
[EventRounds "9"]
[EventCountry "CAN"]
[SourceTitle "CB15_2024"]
[SourceDate "2024.04.10"]
[SourceVersion "1"]
[SourceVersionDate "2024.04.10"]
[SourceQuality "1"]

1. e4 e6 2. d4 d5 3. Nd2 Nf6 4. e5 Nfd7 5. f4 c5 6. c3 Nc6 7. Ndf3 Qb6 8. g3 cxd4 9. cxd4 Be7 10. Kf2 g5 11. fxg5 Ndxe5 12. Nxe5 Nxe5 13. Kg2 Nc6 14. Nf3 Bd7 15. Bd3 0-0-0 16. Qe2 f6 17. gxf6 Bxf6 18. Bf4 Rde8 19. Rhc1 Kd8 20. b4 Nxd4 21. Nxd4 Qxd4 22. Rab1 e5 23. Be3 Qg4 24. Qf2 Ref8 25. Bc5 Be7 26. Qc2 Qf3+ 27. Kg1 Bg5 28. Re1 d4 29. Bxf8 Be3+ 30. Rxe3 Qxe3+ 31. Qf2 Qxf2+ 32. Kxf2 Rxf8+ 33. Ke2 Bg4+ 34. Ke1 h5 35. a4 Kd7 36. b5 Bf3 37. Be2 Bxe2 38. Kxe2 Kd6 39. a5 e4 40. a6 b6 41. Rc1 Rf3 42. Rc4 Kd5 43. Rc7 Rb3 44. Rxa7 Rb2+ 45. Ke1 Rxb5 46. Rh7 Kc4 47. a7 Ra5 48. Rxh5 Rxa7 49. g4 Kd3 50. Kf2 e3+ 0-1

[Event "Canadian zt (Women)"]
[Site "Toronto"]
[Date "2024.03.28"]
[Round "2"]
[White "D'Souza, Carina"]
[Black "Todd, Adie"]
[Result "1/2-1/2"]
[WhiteElo "1811"]
[BlackElo "1689"]
[PlyCount "87"]
[EventDate "2024.03.28"]
[EventType "team-swiss"]
[EventRounds "9"]
[EventCountry "CAN"]
[SourceTitle "CB15_2024"]
[SourceDate "2024.04.10"]
[SourceVersion "1"]
[SourceVersionDate "2024.04.10"]
[SourceQuality "1"]

1. e4 c5 2. Nf3 Nc6 3. d4 cxd4 4. Nxd4 g6 5. c4 Bg7 6. Be3 Nf6 7. Nc3 0-0 8. Be2 d6 9. 0-0 Bd7 10. Rc1 Nxd4 11. Bxd4 Bc6 12. Qd3 a5 13. Rfd1 Bh6 14. Be3 Bg7 15. f3 Nd7 16. Qd2 Nc5 17. Kh1 Re8 18. Bd4 Bf8 19. Qe3 Ne6 20. Bb6 Bh6 21. Qxh6 Qxb6 22. Qd2 Nc5 23. Nd5 Bxd5 24. cxd5 Rec8 25. g3 a4 26. Kg2 Rc7 27. h4 h5 28. Rh1 Rcc8 29. g4 hxg4 30. h5 gxf3+ 31. Bxf3 gxh5 32. Rxh5 f6 33. Kh3 Rf8 34. Rh8+ Kxh8 35. Qh6+ Kg8 36. Qg6+ Kh8 37. Kg4 f5+ 38. exf5 Qb4+ 39. Kg3 Ne4+ 40. Bxe4 Qxe4 41. Qh6+ Kg8 42. Qg6+ Kh8 43. Qh6+ Kg8 44. Qg6+ 1/2-1/2

[Event "CAN-ch (Women)"]
[Site "Toronto"]
[Date "2023.04.10"]
[Round "8"]
[White "Fiset, Anais Chloe"]
[Black "D'Souza, Carina"]
[Result "1-0"]
[WhiteElo "1368"]
[BlackElo "1697"]
[PlyCount "69"]
[EventDate "2023.04.06"]
[EventType "swiss"]
[EventRounds "9"]
[EventCountry "CAN"]
[SourceTitle "CBM 213 Extra"]
[Source "ChessBase"]
[SourceDate "2023.05.31"]
[SourceVersion "1"]
[SourceVersionDate "2023.05.31"]
[SourceQuality "1"]

1. e4 c5 2. Nf3 Nc6 3. Bb5 g6 4. 0-0 Bg7 5. c3 e5 6. d4 cxd4 7. cxd4 exd4 8. Bf4 Nge7 9. Bd6 0-0 10. Nbd2 a6 11. Bd3 h6 12. e5 f6 13. exf6 Rxf6 14. Ne4 Nf5 15. Nxf6+ Qxf6 16. Bxf5 gxf5 17. Bf4 d5 18. Re1 Be6 19. Ne5 Rf8 20. Nxc6 bxc6 21. Be5 Qg6 22. Bxg7 Kxg7 23. Qxd4+ Kh7 24. Rac1 Rg8 25. g3 Bd7 26. Re7+ Rg7 27. Rce1 Rf7 28. Qa7 Be8 29. Qb8 Bd7 30. Qc7 Be8 31. Qd8 Rxe7 32. Rxe7+ Bf7 33. Qf8 Qh5 34. Rxf7+ Kg6 35. Qg7# 1-0

[Event "CAN-ch (Women)"]
[Site "Toronto"]
[Date "2023.04.09"]
[Round "6"]
[White "Ruchinskaya, Valerie"]
[Black "D'Souza, Carina"]
[Result "1-0"]
[WhiteElo "1574"]
[BlackElo "1697"]
[PlyCount "117"]
[EventDate "2023.04.06"]
[EventType "swiss"]
[EventRounds "9"]
[EventCountry "CAN"]
[SourceTitle "CBM 213 Extra"]
[Source "ChessBase"]
[SourceDate "2023.05.31"]
[SourceVersion "1"]
[SourceVersionDate "2023.05.31"]
[SourceQuality "1"]

1. d4 Nf6 2. Bf4 g6 3. Nc3 d5 4. Qd2 Bg7 5. Bh6 0-0 6. Bxg7 Kxg7 7. 0-0-0 Bf5 8. f3 h5 9. e3 Na6 10. Nge2 c5 11. Ng3 Be6 12. e4 cxd4 13. Qxd4 dxe4 14. Bxa6 bxa6 15. Ngxe4 Qa5 16. Qc5 Qxc5 17. Nxc5 Bc8 18. Nd5 Nxd5 19. Rxd5 Bf5 20. Nxa6 Rfc8 21. Rc5 Kf6 22. Re1 g5 23. c3 e6 24. b4 Rg8 25. Rd1 g4 26. g3 gxf3 27. Rf1 Bg4 28. h3 Bxh3 29. Rxf3+ Bf5 30. Rc7 Rg7 31. Nc5 e5 32. Nd7+ Ke6 33. Nxe5 Kxe5 34. Rc5+ Ke4 35. Rfxf5 Rxg3 36. Rxh5 f5 37. Rhxf5 Rxc3+ 38. Rxc3 Kxf5 39. Rd3 a5 40. b5 Ke4 41. Rd6 a4 42. Kb2 Rb8 43. Ka3 Ke5 44. Rh6 Kd4 45. Kxa4 Kc5 46. Rc6+ Kd5 47. Kb4 Rh8 48. a4 Rh1 49. Ka5 Ra1 50. Rc2 Kd6 51. b6 Kd7 52. b7 Rb1 53. Ka6 Rb4 54. a5 Rb3 55. Ka7 Rb5 56. b8Q Rxa5+ 57. Kb6 Ra1 58. Rd2+ Ke7 59. Qe5+ 1-0

[Event "Banff op"]
[Site "Banff"]
[Date "2022.11.13"]
[Round "6"]
[White "D'Souza, Carina"]
[Black "Cheng, Louis"]
[Result "1-0"]
[WhiteElo "1648"]
[BlackElo "1890"]
[PlyCount "129"]
[EventDate "2022.11.11"]
[EventType "swiss"]
[EventRounds "6"]
[EventCountry "CAN"]
[SourceTitle "CBM 211 Extra"]
[Source "ChessBase"]
[SourceDate "2023.01.31"]
[SourceVersion "1"]
[SourceVersionDate "2023.01.31"]
[SourceQuality "1"]

1. e4 g6 2. d4 Bg7 3. Nc3 d6 4. f4 Nf6 5. Nf3 0-0 6. Be2 c6 7. e5 Nd5 8. Nxd5 cxd5 9. 0-0 Bg4 10. h3 Bf5 11. Bd3 Bxd3 12. Qxd3 Qb6 13. Kh2 Na6 14. c3 Qc7 15. Bd2 Qd7 16. Rae1 Nc7 17. g4 f6 18. e6 Qb5 19. Qxb5 Nxb5 20. f5 a5 21. Nh4 g5 22. Ng2 Nc7 23. Rh1 h6 24. Ne3 Kh7 25. h4 Rh8 26. h5 b5 27. a4 Rhb8 28. Ra1 Kg8 29. axb5 Kf8 30. Ra2 Ke8 31. Rha1 Rxb5 32. b4 Kd8 33. Kg2 Kc8 34. Kf2 Kb7 35. Rxa5 Raxa5 36. Rxa5 Rxa5 37. bxa5 Kc6 38. Ke2 Kb5 39. Kd3 Kxa5 40. c4+ Kb6 41. Bb4 dxc4+ 42. Kxc4 Bf8 43. Bc3 Bg7 44. Bd2 Bf8 45. Bb4 Nb5 46. Nd5+ Kc6 47. Ne3 Kb6 48. Nd1 Nc7 49. Nc3 Bg7 50. Ne2 Bf8 51. Nc1 Kc6 52. Nb3 Nb5 53. Na5+ Kb6 54. d5 Na7 55. Bd2 Ka6 56. Be1 Nb5 57. Nc6 Na3+ 58. Kc3 Nb5+ 59. Kb4 Nc7 60. Kc4 Kb6 61. Bb4 Ne8 62. Ba5+ Kb7 63. Bd8 Kc8 64. Bxe7 Bg7 65. Na7+ 1-0

[Event "Banff op"]
[Site "Banff"]
[Date "2022.11.11"]
[Round "1"]
[White "Srinivasan, Hemant"]
[Black "D'Souza, Carina"]
[Result "0-1"]
[WhiteElo "1864"]
[BlackElo "1648"]
[PlyCount "92"]
[EventDate "2022.11.11"]
[EventType "swiss"]
[EventRounds "6"]
[EventCountry "CAN"]
[SourceTitle "CBM 211 Extra"]
[Source "ChessBase"]
[SourceDate "2023.01.31"]
[SourceVersion "1"]
[SourceVersionDate "2023.01.31"]
[SourceQuality "1"]

1. d4 Nf6 2. c4 g6 3. Nc3 Bg7 4. e4 d6 5. Nf3 0-0 6. Be2 e5 7. 0-0 Nc6 8. d5 Ne7 9. b4 a5 10. bxa5 Rxa5 11. a4 b6 12. Ba3 Ne8 13. Bb4 Ra8 14. a5 bxa5 15. Bxa5 f5 16. Nd2 fxe4 17. Ndxe4 Nf5 18. c5 Qe7 19. Bb4 Rxa1 20. Qxa1 Nd4 21. Bd3 Nb3 22. Qa7 Nxc5 23. Nxc5 dxc5 24. Bxc5 Nd6 25. Nb5 Rf7 26. Qb8 Qd8 27. Nxd6 cxd6 28. Bxd6 Rb7 29. Qa8 Rd7 30. Rb1 Rxd6 31. Rb8 Bf8 32. Rxc8 Qf6 33. h3 Rd7 34. Bc4 Kg7 35. Re8 Rf7 36. Qa2 Bc5 37. d6 Qxf2+ 38. Qxf2 Rxf2 39. Rg8+ Kh6 40. Rc8 Bb6 41. Rc6 Ba7 42. Kh1 Rd2 43. Be6 Be3 44. g4 Kg5 45. d7 Kh4 46. Rc8 Kg3 0-1

[Event "Pan American-ch U16 Girls"]
[Site "Montevideo"]
[Date "2022.06.27"]
[Round "3"]
[White "Wang, Audrey"]
[Black "D'Souza, Carina"]
[Result "1/2-1/2"]
[WhiteElo "1264"]
[BlackElo "1471"]
[PlyCount "86"]
[EventDate "2022.06.26"]
[EventType "swiss"]
[EventRounds "9"]
[EventCountry "URU"]
[SourceTitle "EXT 2023"]
[Source "ChessBase"]
[SourceDate "2022.10.05"]
[SourceVersion "1"]
[SourceVersionDate "2022.10.05"]
[SourceQuality "1"]

1. e4 c5 2. Nf3 d6 3. d4 cxd4 4. Nxd4 Nf6 5. Nc3 a6 6. Bg5 e6 7. f4 Be7 8. Qf3 Nbd7 9. g4 h6 10. Bh4 g5 11. fxg5 Ne5 12. Qe2 Nfxg4 13. h3 hxg5 14. hxg4 gxh4 15. 0-0-0 Qc7 16. Bh3 Bd7 17. Nf3 Ng6 18. Qd2 0-0-0 19. Ng5 Bxg5 20. Qxg5 Rdg8 21. Qd2 Ne5 22. Qxd6 Qxd6 23. Rxd6 Nxg4 24. Bxg4 Rxg4 25. b4 h3 26. Rd2 Bc6 27. Rdh2 Bxe4 28. Rxh3 Rxh3 29. Rxh3 Bg6 30. b5 Rg2 31. b6 Rxc2+ 32. Kd1 Kd7 33. a4 a5 34. Nb5 Ra2 35. Rc3 Rc2 36. Rxc2 Bxc2+ 37. Kxc2 Kc6 38. Kc3 Kxb6 39. Kd4 f5 40. Nd6 Kc6 41. Nc4 b5 42. Nxa5+ Kb6 43. axb5 Kxb5 1/2-1/2

[Event "Kingston Canada zt (Women)"]
[Site "Kingston"]
[Date "2022.04.18"]
[Round "9"]
[White "D'Souza, Carina"]
[Black "Ouellet, Maili Jade"]
[Result "0-1"]
[WhiteElo "1466"]
[BlackElo "2179"]
[PlyCount "66"]
[EventDate "2022.04.13"]
[EventType "swiss"]
[EventRounds "9"]
[EventCountry "CAN"]
[SourceTitle "CBM 207 Extra"]
[Source "ChessBase"]
[SourceDate "2022.05.31"]
[SourceVersion "1"]
[SourceVersionDate "2022.05.31"]
[SourceQuality "1"]

1. e4 c5 2. Nf3 d6 3. Bb5+ Nd7 4. c3 Ngf6 5. Qe2 e6 6. d4 a6 7. Bd3 b5 8. 0-0 Bb7 9. a4 c4 10. Bc2 Be7 11. Bd2 0-0 12. Na3 Bc6 13. axb5 axb5 14. d5 exd5 15. exd5 Bxd5 16. Nd4 Ne5 17. Naxb5 Qb6 18. Bf4 Rfe8 19. Rxa8 Bxa8 20. Na3 Bf8 21. Qd2 Ne4 22. Qc1 Nc5 23. Bxe5 dxe5 24. Nf5 Nd3 25. Nxc4 Qc6 26. Qg5 Nf4 27. Be4 Qxc4 28. Bxa8 Rxa8 29. Ne3 Qe4 30. Nf5 g6 31. Ne3 Bc5 32. Nd1 h6 33. Qg4 Ne2+ 0-1

[Event "Kingston Canada zt (Women)"]
[Site "Kingston"]
[Date "2022.04.16"]
[Round "6"]
[White "Wang, Rachel Zihan"]
[Black "D'Souza, Carina"]
[Result "0-1"]
[WhiteElo "1561"]
[BlackElo "1466"]
[PlyCount "202"]
[EventDate "2022.04.13"]
[EventType "swiss"]
[EventRounds "9"]
[EventCountry "CAN"]
[SourceTitle "CBM 207 Extra"]
[Source "ChessBase"]
[SourceDate "2022.05.31"]
[SourceVersion "1"]
[SourceVersionDate "2022.05.31"]
[SourceQuality "1"]

1. d4 d5 2. c4 e6 3. Nf3 c6 4. Nc3 dxc4 5. a4 Bb4 6. e3 b5 7. Bd2 a5 8. axb5 Bxc3 9. Bxc3 cxb5 10. b3 Bb7 11. bxc4 b4 12. Bb2 Nf6 13. Bd3 0-0 14. 0-0 Nbd7 15. Qc2 Qe7 16. Rfc1 Rfc8 17. Qe2 Be4 18. Bxe4 Nxe4 19. Qd3 f5 20. c5 Ndf6 21. Ne5 Nd7 22. Nc4 a4 23. f3 Nef6 24. Rcb1 Rcb8 25. Bc1 Nxc5 26. dxc5 Qxc5 27. Bb2 Rd8 28. Bd4 Qb5 29. Ne5 Qxe5 30. Rxb4 Qd5 31. Rb5 Qc6 32. Qb1 Nd7 33. Qb2 Rdb8 34. Rxb8+ Rxb8 35. Qa3 e5 36. Rc1 Qb5 37. Ba7 Rb7 38. Qe7 Nf8 39. Qc5 Qxc5 40. Bxc5 Rc7 41. Ba3 Rxc1+ 42. Bxc1 Kf7 43. Kf2 Ke6 44. e4 fxe4 45. fxe4 Nd7 46. Ba3 Nb6 47. Ke2 Nc4 48. Bb4 Kd7 49. Kd3 Nb6 50. Ba5 Kc6 51. Bc3 Kd6 52. Bb4+ Kc6 53. Bc3 Nd7 54. Kc4 Kd6 55. Bb4+ Ke6 56. Kd3 Nb6 57. Bc5 Nd7 58. Bb4 Kf6 59. Ke3 g5 60. h3 Nb6 61. g3 g4 62. h4 h5 63. Kd3 Ke6 64. Bc5 Nd7 65. Bb4 Nb8 66. Kc4 Nd7 67. Kd3 Nf6 68. Ke3 Kd7 69. Bc3 Kd6 70. Bb4+ Kc6 71. Kd3 Kb5 72. Ba3 Nd7 73. Bd6 Nc5+ 74. Ke3 Nd7 75. Kd3 Kc6 76. Ba3 Nc5+ 77. Ke3 Kb5 78. Bb2 Nd7 79. Kd3 Kb4 80. Kc2 Kc4 81. Bc3 a3 82. Ba1 a2 83. Bc3 Nc5 84. Bxe5 Nxe4 85. Kb2 a1Q+ 86. Kxa1 Kd3 87. Kb2 Ke3 88. Kc2 Kf3 89. Kd3 Nxg3 90. Kd2 Nf5 91. Ke1 Nxh4 92. Kf1 Nf5 93. Kg1 g3 94. Bc7 h4 95. Bb6 h3 96. Kh1 Nd6 97. Kg1 Ne4 98. Kh1 Nf2+ 99. Bxf2 gxf2 100. Kh2 Ke2 101. Kxh3 f1Q+ 0-1

[Event "Banff op"]
[Site "Banff"]
[Date "2021.11.14"]
[Round "5"]
[White "Wu, Charles"]
[Black "D'Souza, Carina"]
[Result "0-1"]
[WhiteElo "1779"]
[BlackElo "1322"]
[PlyCount "108"]
[EventDate "2021.11.12"]
[EventType "swiss"]
[EventRounds "6"]
[EventCountry "CAN"]
[SourceTitle "CBM 205 Extra"]
[Source "ChessBase"]
[SourceDate "2022.01.31"]
[SourceVersion "1"]
[SourceVersionDate "2022.01.31"]
[SourceQuality "1"]

1. d4 d5 2. Bf4 Nf6 3. e3 e6 4. Nd2 Bd6 5. Bg3 b6 6. Ngf3 0-0 7. c3 Ba6 8. Bxa6 Nxa6 9. Ne5 Nb8 10. Qe2 c5 11. a4 Qc7 12. a5 Nc6 13. Nxc6 Qxc6 14. a6 Rfe8 15. Bxd6 Qxd6 16. 0-0 Rab8 17. Qb5 Qd7 18. Qxd7 Nxd7 19. Nf3 Rec8 20. Rfe1 Nf6 21. Ne5 Rc7 22. f3 Nd7 23. Nd3 Rbc8 24. Nc1 Nb8 25. Nb3 Kf8 26. Kf2 Rc6 27. Ra2 c4 28. Nd2 b5 29. Ra5 Rb6 30. e4 Rd8 31. exd5 exd5 32. b3 Nc6 33. Ra2 Rd6 34. bxc4 bxc4 35. Nf1 Ne7 36. Rae2 Re6 37. Rxe6 fxe6 38. Ra1 Nc6 39. Ne3 Nb8 40. Ra5 Rxa6 41. Rb5 Rb6 42. Rc5 Nc6 43. Ke2 a5 44. Nxc4 dxc4 45. Rxc4 Ke7 46. Kd3 Kd6 47. Rc5 Rb2 48. Rg5 g6 49. c4 a4 50. Kc3 a3 51. c5+ Kc7 52. d5 exd5 53. Rxd5 Rxg2 54. h4 Rf2 0-1

[Event "Banff op"]
[Site "Banff"]
[Date "2021.11.13"]
[Round "3"]
[White "Pivovarov, Juraj"]
[Black "D'Souza, Carina"]
[Result "1/2-1/2"]
[WhiteElo "1903"]
[BlackElo "1322"]
[PlyCount "36"]
[EventDate "2021.11.12"]
[EventType "swiss"]
[EventRounds "6"]
[EventCountry "CAN"]
[SourceTitle "CBM 205 Extra"]
[Source "ChessBase"]
[SourceDate "2022.01.31"]
[SourceVersion "1"]
[SourceVersionDate "2022.01.31"]
[SourceQuality "1"]

1. e4 c5 2. Nf3 d6 3. d4 cxd4 4. Nxd4 Nf6 5. Nc3 a6 6. Be3 e6 7. Be2 Nbd7 8. Qd2 b5 9. g3 Bb7 10. f3 h5 11. 0-0-0 Rc8 12. Bg5 Be7 13. h4 0-0 14. g4 hxg4 15. h5 d5 16. exd5 Nxd5 17. Bxe7 Qxe7 18. Ne4 Nc5 1/2-1/2

[Event "Canadian Qual (Women) Online"]
[Site "ICC INT"]
[Date "2021.06.04"]
[Round "10"]
[White "Zhou, Qiyu"]
[Black "D'Souza, Carina"]
[Result "1-0"]
[WhiteElo "2229"]
[BlackElo "1302"]
[PlyCount "59"]
[EventDate "2021.06.02"]
[EventType "tourn (rapid)"]
[EventRounds "10"]
[EventCountry "CAN"]
[SourceTitle "CBM 202 Extra"]
[Source "ChessBase"]
[SourceDate "2021.07.31"]
[SourceVersion "1"]
[SourceVersionDate "2021.07.31"]
[SourceQuality "1"]

1. b4 e5 2. Bb2 Bxb4 3. Bxe5 Nf6 4. a3 Ba5 5. Nf3 d5 6. g3 c5 7. Bg2 Nc6 8. Bb2 0-0 9. 0-0 d4 10. d3 Bc7 11. Nbd2 Be6 12. Nb3 Bd6 13. e4 Nd7 14. Nfd2 f5 15. f4 Rc8 16. a4 Be7 17. h3 Kh8 18. Kh2 g5 19. c3 dxc3 20. Bxc3+ Bf6 21. Qc2 Nb4 22. Bxf6+ Qxf6 23. Qb1 gxf4 24. Rxf4 Qc3 25. Qc1 Qxd3 26. Qb2+ Kg8 27. Nxc5 Rxc5 28. Qxb4 b6 29. exf5 Rfxf5 30. Raf1 1-0

[Event "Canadian Qual (Women) Online"]
[Site "ICC INT"]
[Date "2021.06.02"]
[Round "2"]
[White "D'Souza, Carina"]
[Black "Demchenko, Svitlana"]
[Result "0-1"]
[WhiteElo "1302"]
[BlackElo "2071"]
[PlyCount "68"]
[EventDate "2021.06.02"]
[EventType "tourn (rapid)"]
[EventRounds "10"]
[EventCountry "CAN"]
[SourceTitle "CBM 202 Extra"]
[Source "ChessBase"]
[SourceDate "2021.07.31"]
[SourceVersion "1"]
[SourceVersionDate "2021.07.31"]
[SourceQuality "1"]

1. d4 Nf6 2. c4 e6 3. Nf3 b6 4. a3 Bb7 5. Nc3 Be7 6. Bf4 d5 7. e3 0-0 8. Bd3 Nbd7 9. Rc1 c5 10. dxc5 Nxc5 11. Be2 Rc8 12. cxd5 Nxd5 13. Bg3 Bf6 14. Nxd5 Bxd5 15. b4 Ne4 16. 0-0 Bb2 17. Rxc8 Qxc8 18. Qd3 Qc3 19. Rb1 Bxa3 20. Be5 Qxd3 21. Bxd3 f6 22. Bg3 Rc8 23. Bf1 a5 24. bxa5 bxa5 25. Ra1 Bb4 26. Bf4 e5 27. Bg3 Bb3 28. Bb5 Nc3 29. Bf1 Ne4 30. Bd3 Nxg3 31. hxg3 a4 32. Ne1 a3 33. Kf1 a2 34. Ke2 Bc3 0-1

[Event "Canadian Qual (Women) Online"]
[Site "ICC INT"]
[Date "2021.06.02"]
[Round "3"]
[White "Pham, Bich Ngoc"]
[Black "D'Souza, Carina"]
[Result "1-0"]
[WhiteElo "2235"]
[BlackElo "1302"]
[PlyCount "47"]
[EventDate "2021.06.02"]
[EventType "tourn (rapid)"]
[EventRounds "10"]
[EventCountry "CAN"]
[SourceTitle "CBM 202 Extra"]
[Source "ChessBase"]
[SourceDate "2021.07.31"]
[SourceVersion "1"]
[SourceVersionDate "2021.07.31"]
[SourceQuality "1"]

1. g3 d5 2. Bg2 c6 3. f4 Nf6 4. Nf3 h5 5. 0-0 Bg4 6. h3 Bf5 7. d3 e6 8. e3 Qb6 9. Nc3 Nbd7 10. Ng5 Be7 11. Kh1 Bg6 12. e4 dxe4 13. dxe4 Ng4 14. f5 exf5 15. exf5 Bxf5 16. Rxf5 Nf2+ 17. Rxf2 Qxf2 18. Bf4 h4 19. Nce4 Qb6 20. Nd6+ Bxd6 21. Qxd6 Qf2 22. Rf1 Qc5 23. Re1+ Kd8 24. Qc7# 1-0

[Event "PNWCC Super G60 Apr Gp2"]
[Site "Chess.com INT"]
[Date "2021.04.25"]
[Round "5"]
[White "Jiang, Andrew"]
[Black "D'Souza, Carina"]
[Result "1-0"]
[WhiteElo "1705"]
[BlackElo "1302"]
[PlyCount "131"]
[EventDate "2021.04.24"]
[EventType "swiss"]
[EventRounds "6"]
[EventCountry "USA"]
[SourceTitle "CBM 202 Extra"]
[Source "ChessBase"]
[SourceDate "2021.07.31"]
[SourceVersion "1"]
[SourceVersionDate "2021.07.31"]
[SourceQuality "1"]

1. e4 d5 2. exd5 Nf6 3. d4 Nxd5 4. c4 Nb6 5. Nc3 e5 6. dxe5 Qxd1+ 7. Kxd1 Nc6 8. f4 Bf5 9. Nf3 0-0-0+ 10. Bd2 Bc5 11. Be2 Rd7 12. Kc1 Nb4 13. a3 Nc2 14. Ra2 Nd4 15. Nxd4 Bxd4 16. g4 Be6 17. b3 g6 18. Rf1 f5 19. h3 a6 20. Bf3 Nxc4 21. bxc4 Bxc4 22. Re1 Bxa2 23. Nxa2 Bb2+ 24. Kc2 Bxa3 25. e6 Re7 26. Bc3 Rhe8 27. Bd5 c6 28. Bb3 Bd6 29. Bf6 Rc7 30. e7 c5 31. Bf7 Rcxe7 32. Bxe7 Rxe7 33. Be6+ Kc7 34. Nc3 Kd8 35. Nd5 Re8 36. Nf6 Re7 37. Ng8 Re8 38. Nf6 Re7 39. Nd5 Re8 40. g5 b5 41. Kd2 Bb8 42. h4 Bd6 43. h5 Bb8 44. Re3 Bd6 45. hxg6 hxg6 46. Bf7 Rxe3 47. Kxe3 Kd7 48. Bxg6 Ke6 49. Nf6 b4 50. Nh5 Bf8 51. Ng3 b3 52. Bxf5+ Kf7 53. Bd3 b2 54. f5 a5 55. Nh5 a4 56. g6+ Ke8 57. f6 Bh6+ 58. Kf3 Kf8 59. g7+ Bxg7 60. fxg7+ Kf7 61. Bg6+ Kg8 62. Kf4 a3 63. Kg5 b1Q 64. Bxb1 c4 65. Kg6 a2 66. Nf6# 1-0

[Event "PNWCC Super G60 Apr Gp2"]
[Site "Chess.com INT"]
[Date "2021.04.24"]
[Round "3"]
[White "Jorajuria Mendoza, Algol"]
[Black "D'Souza, Carina"]
[Result "1-0"]
[WhiteElo "1693"]
[BlackElo "1302"]
[PlyCount "99"]
[EventDate "2021.04.24"]
[EventType "swiss"]
[EventRounds "6"]
[EventCountry "USA"]
[SourceTitle "CBM 202 Extra"]
[Source "ChessBase"]
[SourceDate "2021.07.31"]
[SourceVersion "1"]
[SourceVersionDate "2021.07.31"]
[SourceQuality "1"]

1. e4 d5 2. exd5 Nf6 3. d4 Nxd5 4. Nf3 g6 5. Bd3 Bg7 6. c3 Nd7 7. 0-0 0-0 8. Re1 Re8 9. Na3 c5 10. Bc4 N7f6 11. dxc5 e6 12. Nb5 Rf8 13. Bg5 h6 14. Bh4 b6 15. Bxd5 Qxd5 16. Nc7 Qxd1 17. Raxd1 Rb8 18. c6 b5 19. Bg3 Rb6 20. Nd4 Nd5 21. Nxd5 exd5 22. Bd6 Bxd4 23. Rxd4 Rxc6 24. Bxf8 Kxf8 25. Rxd5 a6 26. f3 Be6 27. Rd8+ Ke7 28. Rd4 Kf6 29. a4 bxa4 30. Rxa4 Rb6 31. Rb4 Rxb4 32. cxb4 Bc4 33. Kf2 Bb5 34. Re4 Bd3 35. Rd4 Bb5 36. Ke3 Ke5 37. Rd8 h5 38. f4+ Ke6 39. Kd4 Ke7 40. Ra8 Kd6 41. Ra7 Ke6 42. Kc5 f6 43. Kb6 Kf5 44. Rxa6 Bxa6 45. Kxa6 Kxf4 46. b5 Ke3 47. b6 f5 48. b7 f4 49. b8Q Kf2 50. Qxf4+ 1-0

[Event "Wch FIDE Online U14 Girls America qual"]
[Site "Tornelo INT"]
[Date "2020.12.01"]
[Round "1"]
[White "Scarsi, Anna Laura"]
[Black "D'Souza, Carina"]
[Result "0-1"]
[WhiteElo "1560"]
[BlackElo "1302"]
[PlyCount "158"]
[EventDate "2020.12.01"]
[EventType "swiss (rapid)"]
[EventRounds "7"]
[EventCountry "ISS"]
[SourceTitle "EXT 2022"]
[Source "ChessBase"]
[SourceDate "2021.10.06"]
[SourceVersion "1"]
[SourceVersionDate "2021.10.06"]
[SourceQuality "1"]

1. e4 d5 2. exd5 Nf6 3. d4 Nxd5 4. c4 Nb6 5. Nc3 e5 6. dxe5 Qxd1+ 7. Nxd1 Nc6 8. Bf4 Be6 9. Ne3 0-0-0 10. a3 Bc5 11. Nf3 Bxe3 12. Bxe3 Nxc4 13. Bxc4 Bxc4 14. Nd2 Nxe5 15. Nxc4 Nxc4 16. 0-0 Nxe3 17. fxe3 f6 18. Rac1 Rhe8 19. Rc3 Rd2 20. Rfc1 Re7 21. R1c2 Rxc2 22. Rxc2 Rxe3 23. Kf2 Re5 24. Rd2 c6 25. Kf3 Kc7 26. g4 Rd5 27. Re2 Kd7 28. h4 h6 29. h5 f5 30. gxf5 Rxf5+ 31. Kg4 Rg5+ 32. Kh4 g6 33. hxg6 Rxg6 34. Kh5 Re6 35. Rd2+ Kc7 36. Rg2 Kb6 37. Rg4 c5 38. Rg2 Kb5 39. Rg7 Rb6 40. b3 Ka6 41. Rg3 Rd6 42. Rc3 Kb6 43. Rf3 Kc6 44. Rc3 b5 45. Kg4 a5 46. Kf5 h5 47. Kg5 Rd5+ 48. Kh4 a4 49. bxa4 bxa4 50. Kg3 Kb5 51. Kf4 Rd4+ 52. Ke5 h4 53. Rh3 Kc4 54. Rh2 Rd3 55. Rxh4+ Kb3 56. Rh8 Kxa3 57. Rb8 Rb3 58. Rc8 Rc3 59. Rb8 Ka2 60. Kd5 a3 61. Rb5 Ka1 62. Ra5 a2 63. Rb5 Rc2 64. Ke4 Rb2 65. Rxc5 Kb1 66. Rf5 Rc2 67. Rb5+ Kc1 68. Ra5 Kb2 69. Kd3 Rc8 70. Rb5+ Ka3 71. Ra5+ Kb3 72. Ra6 Rd8+ 73. Ke3 Rd1 74. Rb6+ Kc4 75. Rc6+ Kd5 76. Rc8 a1Q 77. Rd8+ Ke5 78. Re8+ Kf5 79. Rf8+ Qf6 0-1